=LDR 00000nam 2200000 4500 =001 INLIS000000000058648 =005 20211006100609 =035 ##$$a 0010-1021000096 =007 ta =008 211006###########################0#ind## =020 ##$$a 979-526-059-6 =082 ##$$a 027.6 =084 ##$$a 027.6 Ibr p =245 1#$$a Pengelolaan Perpustakaan Sekolah /$c Drs. Ibrahim Bafadal,M.Pd. =250 ##$$a Ed.1 - 3 =300 ##$$a ix, 209 halaman ; $c 21 cm =650 #4$$a Perpustakaan Sekolah =264 ##$$a jakarta :$b Bumi Aksara,$c 2001 =336 ##$$a teks$2 rdacontent =337 ##$$a lain-lain$2 rdamedia =338 ##$$a lain-lain$2 rdacarrier =990 ##$$a 15711571